Documentos: Seminario de Directores de Periódicos de Costa Rica y Centroamérica

محفوظ في:
التفاصيل البيبلوغرافية
مؤلف مشترك: Asociación Demográfica Costarricense
التنسيق: نص
منشور في: San José: Asociación Demográfica Costarricense
الموضوعات:
الوسوم: إضافة وسم
لا توجد وسوم, كن أول من يضع وسما على هذه التسجيلة!

MARC

LEADER 00000 a a2200000 04500
001 17300
003
040 |a CRAI/IIS  |c CRAI/IIS 
090 |a 1002 S471s  
110 |a Asociación Demográfica Costarricense  
245 |a Documentos: Seminario de Directores de Periódicos de Costa Rica y Centroamérica  
260 |a San José:   |b Asociación Demográfica Costarricense  
300 |a 164 p.  
650 |a CONFERENCIAS  
650 |a CIENCIAS DE LA EDUCACION  
650 |a INSTITUCIONES DE ENSEÑANZA SUPERIOR  
650 |a ESTADISTICAS DEMOGRAFICAS  
650 |a ABORTO  
650 |a POBLACION  
650 |a RECURSOS NATURALES  
650 |a DESARROLLO  
650 |a COSTA RICA  
650 |a INDICADORES DEMOGRAFICOS  
650 |a DESARROLLO  
650 |a ASPECTOS ECONOMICOS  
999 |c 5615  |d 5615